[Event "45th GER-ch Rapid 2019"]
[Site "Neumarkt in der Oberpfalz"]
[Date "2019.09.21"]
[Round "1.1"]
[White "Wichmann, Cliff"]
[Black "Heimann, Andreas"]
[Result "0-1"]
[WhiteElo "2282"]
[BlackElo "2624"]
[Annotator "TA"]
[PlyCount "78"]
[EventDate "2019.09.21"]
[EventType "swiss"]
[EventCountry "GER"]
[SourceTitle "playchess.com"]
[Source "ChessBase"]
[SourceQuality "1"]

{[%evp 12,78,16,14,30,0,14,-8,1,-16,-8,-23,0,0,0,-27,-11,-8,1,8,4,-68,-6,-22,-12,-10,0,0,0,0,0,-12,-6,-60,-12,-8,-16,-18,0,-180,-160,-189,-156,-336,-284,-299,-311,-289,-138,-241,-236,-226,-222,-588,-577,-562,-576,-567,-566,-654,-662,-677,-667,-654,-647,-752,-750,-845,-816]} 1. d4 Nf6 2. c4 e6 3. Nf3 d5 4. Nc3 Bb4 5. cxd5 exd5 6. Bg5 h6 7. Bh4 O-O {D38: Queen's Gambit Declined: Ragozin Defence (4 Nf3 Bb4)} 8. Rc1 (8. e3 Bf5 9. Be2 Nbd7 10. Qb3 Ba5 11. O-O c6 12. Ne5 Qb6 13. Nxd7 Nxd7 14. Rfc1 Qxb3 15. axb3 {½-½ (26) Giri,A (2797)-Navara,D (2739) Shamkir 2019}) 8... c6 9. e3 Bf5 {The position is equal.} 10. Be2 Nbd7 11. O-O Re8 12. Qb3 Qb6 $146 ({Predecessor:} 12... Bxc3 13. Rxc3 Qb6 14. Qxb6 axb6 {½-½ (39) De Baralle,M-Viaud,T Issy les Moulineaux 1997}) 13. Bg3 Bf8 14. Nd2 a5 {[%cal Ba7a5,Ba5a4,Ba4a3][%mdl 32]} 15. Qxb6 Nxb6 16. Nb3 ({White should play} 16. h3 $11) 16... Nfd7 ({Better is} 16... Nc4 $15 17. Bxc4 dxc4) 17. Rfd1 a4 18. Nd2 a3 19. b3 Bb4 20. Nf3 Nf6 21. Bc7 Nbd7 22. Ne5 (22. h3 $11) 22... Rac8 23. Nxd7 Nxd7 24. Bg3 Nf6 25. Bd3 $2 (25. Na4 $1 $11 {and White stays safe.}) 25... Bxd3 $19 26. Rxd3 c5 $1 {[%cal Rc5d4]} 27. Bd6 $2 (27. dxc5 $17 {was worth a try.} Rxc5 28. f3) 27... c4 28. Bxb4 cxd3 29. Rd1 {[#]} Rc6 (29... Ne4 $1 $19 {[%cal Re4c3] is more deadly.} 30. Rxd3 Nxc3 31. Bxc3 Rc6) 30. g3 (30. f3 $17) 30... Rec8 31. Rxd3 {[#]} Ne4 $1 32. Nxd5 $2 (32. Nxe4 {was the crucial defense.} Rc1+ 33. Kg2 dxe4 34. Rd2) 32... Rc1+ {Black is clearly winning.} 33. Kg2 {Threatens to win with Ne7+.} R8c2 $1 {[%csl LRa2,LRf2][%mdl 64] Double Attack} 34. Kf3 Ng5+ 35. Kf4 Rxf2+ {[%mdl 64] Double Attack} 36. Ke5 f6+ 37. Kd6 Rxa2 38. h4 Ne4+ {[%mdl 64] Double Attack} 39. Ke7 Raa1 {Accuracy: White = 26%, Black = 46%.} 0-1

[Event "45th GER-ch Rapid 2019"]
[Site "Neumarkt in der Oberpfalz"]
[Date "2019.09.21"]
[Round "1.2"]
[White "Buhmann, Rainer"]
[Black "Marcziter, Dmitrii"]
[Result "1/2-1/2"]
[WhiteElo "2574"]
[BlackElo "2234"]
[Annotator "ChessBase"]
[PlyCount "69"]
[EventDate "2019.09.21"]
[EventType "swiss"]
[EventCountry "GER"]
[SourceTitle "playchess.com"]
[Source "ChessBase"]
[SourceQuality "1"]
[TimeControl "900+10"]

1. d4 {[%emt 0:00:00]} d5 {[%emt 0:00:00]} 2. c4 {[%emt 0:00:00]} c6 {[%emt 0:00:00]} 3. Nf3 {[%emt 0:00:00]} Nf6 {[%emt 0:00:00]} 4. e3 {[%emt 0:00:00]} a6 {[%emt 0:00:03]} 5. Nc3 {[%emt 0:00:30]} b5 {[%emt 0:00:15]} 6. b3 {[%emt 0:00:07]} Bg4 {[%emt 0:00:08]} 7. a4 {[%emt 0:00:03]} bxc4 {[%emt 0:00:24]} 8. bxc4 {[%emt 0:00:03]} e6 {[%emt 0:00:50]} 9. Be2 {[%emt 0:01:17]} Bb4 {[%emt 0:00:23]} 10. Bd2 {[%emt 0:00:03]} Nbd7 {[%emt 0:00:19]} 11. O-O {[%emt 0:00:14]} O-O {[%emt 0:00:11]} 12. Nxd5 {[%emt 0:02:10]} Nxd5 {[%emt 0:00:11]} 13. cxd5 {[%emt 0:00:03]} Bxd2 {[%emt 0:00:12]} 14. dxc6 {[%emt 0:02:51]} Bxe3 {[%emt 0:00:48]} 15. fxe3 {[%emt 0:00:38]} Nf6 {[%emt 0:00:13]} 16. Ne5 {[%emt 0:00:23]} Bf5 {[%emt 0:00:22]} 17. Bf3 {[%emt 0:00:20]} Be4 {[%emt 0:00:19]} 18. Rc1 {[%emt 0:00:30]} Rc8 {[%emt 0:00:48]} 19. Qe2 {[%emt 0:01:26]} Qa5 {[%emt 0:00:51]} 20. Nd7 {[%emt 0:02:17]} Nxd7 {[%emt 0:00:37]} 21. Bxe4 {[%emt 0:01:12]} Nf6 {[%emt 0:00:13]} 22. Rxf6 {[%emt 0:01:05]} gxf6 {[%emt 0:00:11]} 23. Rc5 {[%emt 0:00:02]} Qb4 {[%emt 0:02:17]} 24. Qg4+ {[%emt 0:00:58]} Kh8 {[%emt 0:00:04]} 25. Qh4 {[%emt 0:00:04]} f5 {[%emt 0:00:25]} 26. Qf6+ {[%emt 0:02:13]} Kg8 {[%emt 0:00:01]} 27. Qg5+ {[%emt 0:00:02]} Kh8 {[%emt 0:00:01]} 28. Qf6+ {[%emt 0:00:03]} Kg8 {[%emt 0:00:01]} 29. h3 {[%emt 0:00:08]} Qe1+ {[%emt 0:00:26]} 30. Kh2 {[%emt 0:00:01]} Qxe3 {[%emt 0:00:06]} 31. Bf3 {[%emt 0:00:58]} Qf4+ {[%emt 0:00:28]} 32. g3 {[%emt 0:00:18]} Qxf3 {[%emt 0:00:33]} 33. Qg5+ {[%emt 0:00:01]} Kh8 {[%emt 0:00:00]} 34. Qf6+ Kg8 {[%emt 0:09:00]} 35. Qg5+ {[%emt 0:00:02]} 1/2-1/2

[Event "45th GER-ch Rapid 2019"]
[Site "Neumarkt in der Oberpfalz"]
[Date "2019.09.21"]
[Round "1.3"]
[White "Beesk, Kevin"]
[Black "Schulz, Karsten"]
[Result "0-1"]
[WhiteElo "1969"]
[BlackElo "2272"]
[Annotator "NA"]
[PlyCount "106"]
[EventDate "2019.09.21"]
[EventType "swiss"]
[EventCountry "GER"]
[SourceTitle "playchess.com"]
[Source "ChessBase"]
[SourceQuality "1"]
[TimeControl "900+10"]

1. e4 {[%emt 0:00:00]} g6 {[%emt 0:00:00]} 2. d4 {[%emt 0:00:00]} Bg7 {[%emt 0:00:00]} 3. Nc3 {[%emt 0:00:00]} d6 {[%emt 0:00:00]} 4. g3 {[%emt 0:00:03]} Nf6 {[%emt 0:00:00]} 5. Bg2 {[%emt 0:00:02]} O-O {[%emt 0:00:00]} 6. Nge2 {[%emt 0:00:19]} e5 {[%emt 0:00:03]} 7. O-O {[%emt 0:00:32]} Nc6 {[%emt 0:00:08]} 8. dxe5 {[%emt 0:00:31]} Nxe5 {[%emt 0:00:17]} 9. h3 {[%emt 0:01:28]} Bd7 {[%emt 0:00:24]} 10. f4 {[%emt 0:00:30]} Nc6 {[%emt 0:00:17]} 11. Be3 {[%emt 0:00:17]} Re8 {[%emt 0:00:04]} 12. Kh2 {[%emt 0:01:29]} a6 {[%emt 0:00:09]} 13. Qd2 {[%emt 0:01:06]} b5 {[%emt 0:15:48]} 14. a3 a5 {[%emt 0:00:00]} 15. e5 {[%emt 0:01:39]} dxe5 {[%emt 0:00:00]} 16. Nxb5 {[%emt 0:00:15]} Rb8 {[%emt 0:00:00]} 17. a4 {[%emt 0:01:14]} e4 {[%emt 0:00:00]} 18. c3 {[%emt 0:01:32]} Be6 {[%emt 0:00:00]} 19. Ned4 {[%emt 0:00:54]} Nxd4 {[%emt 0:00:00]} 20. Nxd4 {[%emt 0:00:28]} Bc4 {[%emt 0:01:10]} 21. Rfd1 Qd7 {[%emt 0:00:00]} 22. b3 {[%emt 0:00:33]} Ba6 {[%emt 0:00:00]} 23. b4 {[%emt 0:00:32]} Bd3 {[%emt 0:00:00]} 24. b5 {[%emt 0:01:23]} Nd5 {[%emt 0:00:00]} 25. Rac1 {[%emt 0:01:00]} Nxe3 {[%emt 0:00:00]} 26. Qxe3 {[%emt 0:00:02]} Bxd4 {[%emt 0:00:00]} 27. Qxd4 {[%emt 0:00:46]} Qxd4 {[%emt 0:00:00]} 28. cxd4 {[%emt 0:00:01]} Re7 {[%emt 0:00:00]} 29. Rc3 {[%emt 0:00:13]} Rd8 {[%emt 0:00:00]} 30. Rcxd3 {[%emt 0:00:02]} exd3 {[%emt 0:00:00]} 31. Rxd3 {[%emt 0:00:01]} Re2 {[%emt 0:00:00]} 32. d5 {[%emt 0:00:18]} Ra2 {[%emt 0:00:00]} 33. Rd4 {[%emt 0:00:07]} Re8 {[%emt 0:00:00]} 34. b6 {[%emt 0:00:28]} cxb6 {[%emt 0:00:00]} 35. d6 {[%emt 0:00:01]} Rd8 {[%emt 0:00:00]} 36. Kg1 {[%emt 0:00:09]} Re2 {[%emt 0:00:00]} 37. d7 {[%emt 0:00:13]} Rc2 {[%emt 0:00:00]} 38. Bf1 {[%emt 0:00:05]} Kf8 {[%emt 0:00:00]} 39. Bb5 {[%emt 0:00:01]} Ke7 {[%emt 0:00:00]} 40. Re4+ {[%emt 0:00:06]} Kd6 {[%emt 0:00:00]} 41. Rd4+ {[%emt 0:00:15]} Kc7 {[%emt 0:00:00]} 42. Rd3 {[%emt 0:00:36]} Rc5 {[%emt 0:00:00]} 43. Rb3 {[%emt 0:01:05]} Rxb5 44. Rxb5 {[%emt 0:00:01]} Rxd7 {[%emt 0:00:00]} 45. f5 {[%emt 0:00:01]} Rd4 {[%emt 0:00:00]} 46. fxg6 {[%emt 0:00:05]} hxg6 {[%emt 0:00:00]} 47. Re5 {[%emt 0:00:17]} Kd6 {[%emt 0:00:00]} 48. Rb5 {[%emt 0:00:03]} Kc6 {[%emt 0:00:00]} 49. Re5 {[%emt 0:00:23]} Rxa4 {[%emt 0:00:00]} 50. Re7 {[%emt 0:00:01]} Rd4 {[%emt 0:00:00]} 51. Rxf7 {[%emt 0:00:05]} a4 {[%emt 0:00:00]} 52. Rf6+ {[%emt 0:00:43]} Rd6 {[%emt 0:00:00]} 53. Rf1 {[%emt 0:00:33]} b5 {[%emt 0:00:00]} 0-1

[Event "45th GER-ch Rapid 2019"]
[Site "Neumarkt in der Oberpfalz"]
[Date "2019.09.21"]
[Round "1.4"]
[White "Paulsen, Dirk"]
[Black "Schilay, Lorenz"]
[Result "1-0"]
[WhiteElo "2309"]
[BlackElo "1871"]
[Annotator "NA"]
[PlyCount "45"]
[EventDate "2019.09.21"]
[EventType "swiss"]
[EventCountry "GER"]
[SourceTitle "playchess.com"]
[Source "ChessBase"]
[SourceQuality "1"]
[TimeControl "900+10"]

1. d4 {[%emt 0:00:00]} Nf6 {[%emt 0:00:00]} 2. c4 {[%emt 0:00:05]} g6 {[%emt 0:00:00]} 3. Nc3 {[%emt 0:00:05]} d5 {[%emt 0:00:00]} 4. cxd5 {[%emt 0:00:04]} Nxd5 {[%emt 0:00:00]} 5. Na4 {[%emt 0:00:04]} Nd7 {[%emt 0:00:43]} 6. Nf3 {[%emt 0:00:25]} Bg7 {[%emt 0:00:03]} 7. e4 {[%emt 0:00:12]} N5b6 {[%emt 0:00:07]} 8. Nc3 {[%emt 0:00:06]} O-O {[%emt 0:00:18]} 9. Bf4 {[%emt 0:00:29]} c5 {[%emt 0:00:29]} 10. d5 {[%emt 0:00:30]} Nf6 {[%emt 0:00:42]} 11. Qd2 {[%emt 0:02:00]} Bd7 {[%emt 0:01:15]} 12. e5 {[%emt 0:01:19]} Nh5 {[%emt 0:00:18]} 13. Bh6 {[%emt 0:00:04]} Bg4 {[%emt 0:01:05]} 14. Bxg7 {[%emt 0:00:28]} Nxg7 {[%emt 0:00:31]} 15. Ng5 {[%emt 0:00:27]} Rc8 {[%emt 0:01:32]} 16. h3 {[%emt 0:00:26]} Bd7 {[%emt 0:00:10]} 17. Nf3 {[%emt 0:03:21]} Na4 {[%emt 0:01:17]} 18. Ne4 {[%emt 0:01:00]} c4 {[%emt 0:01:54]} 19. d6 {[%emt 0:00:56]} Bc6 {[%emt 0:00:56]} 20. dxe7 {[%emt 0:00:08]} Qxe7 {[%emt 0:00:05]} 21. Nf6+ {[%emt 0:00:10]} Kh8 {[%emt 0:00:06]} 22. Qh6 {[%emt 0:00:06]} Qb4+ {[%emt 0:00:44]} 23. Nd2 {[%emt 0:00:02]} 1-0

[Event "45th GER-ch Rapid 2019"]
[Site "Neumarkt in der Oberpfalz"]
[Date "2019.09.21"]
[Round "2.1"]
[White "Heimann, Andreas"]
[Black "Jugelt, Tobias"]
[Result "1-0"]
[WhiteElo "2624"]
[BlackElo "2392"]
[Annotator "TA"]
[PlyCount "139"]
[EventDate "2019.09.21"]
[EventType "swiss"]
[EventCountry "GER"]
[SourceTitle "playchess.com"]
[Source "ChessBase"]
[SourceQuality "1"]

{[%evp 16,139,29,14,37,8,14,6,0,0,2,0,16,-6,0,-25,0,-19,-9,-11,-11,-29,-16,-35,-6,-30,0,-65,-52,-60,-43,-45,-31,-43,-37,-53,0,0,0,0,0,0,0,0,0,0,0,-6,-6,-6,-6,-10,-6,-6,-6,-18,0,0,0,-7,-6,-7,-7,-12,-6,-8,0,0,0,0,0,0,0,0,3,4,12,0,59,18,61,31,38,22,24,18,55,59,70,70,55,55,70,11,51,47,71,78,245,106,337,322,386,358,451,443,29997,193,184,148,721,735,735,732,713,734,735,734,726,697,714,711,706,690,4676,4670]} 1. e4 g6 2. d4 Bg7 3. c4 Nc6 4. d5 Nd4 5. Ne2 c5 6. Nxd4 cxd4 7. Bd3 d6 8. O-O Nf6 9. Nd2 O-O {A40: Unusual replies to 1 d4} (9... Nd7 10. f4 O-O 11. Kh1 e5 12. f5 Bh6 13. g4 Nc5 14. Nb3 Qh4 15. Nxc5 dxc5 16. Rg1 Bxc1 17. Rxc1 a5 18. Qd2 Bd7 19. Rg3 gxf5 20. gxf5+ Kh8 21. Rcg1 Rg8 22. Rxg8+ {½-½ (22) Saric,A (2535)-Pap,M (2482) Biograd na Moru 2018}) 10. Nf3 Bg4 $146 ({Predecessor:} 10... Qb6 11. b3 Nd7 12. Bf4 e5 13. dxe6 fxe6 14. Qd2 Nc5 15. Ne1 a5 16. Rb1 Bd7 17. Bh6 {½-½ (49) Pachman,L-Smyslov,V Havana 1962}) 11. h3 Bxf3 $1 {The position is equal.} 12. Qxf3 Nd7 13. Qe2 Qb6 14. Bg5 Rfe8 15. Qd2 Rac8 16. Rfc1 a5 17. b3 Nc5 18. Re1 e6 19. Rad1 a4 20. dxe6 Rxe6 21. bxa4 ({Better is} 21. Rb1 $1 $11) 21... Nxa4 22. Rb1 Qc6 23. f3 Nc5 24. Bf1 Ra8 25. Bh4 Qa4 (25... Ra3 $15) 26. Bf2 $11 Qxa2 27. Qxa2 Rxa2 28. Red1 Kf8 29. Bxd4 Bxd4+ 30. Rxd4 Ke7 31. Rdd1 Kd7 32. Ra1 Ra6 33. Rab1 Kc7 34. Rd2 Re8 35. Kf2 Ra3 36. Rbd1 Ra6 37. Kg3 f6 38. h4 Re5 39. Kf4 h6 40. Kg3 Ra3 41. Kf2 Re6 42. Be2 Rc3 43. Ra2 Re8 44. Rda1 f5 45. exf5 gxf5 46. Rd1 Ne6 (46... f4 $11) 47. Bf1 Nf4 48. Rd4 Ng6 49. Rad2 Re6 50. Bd3 Ne7 51. Rf4 Re5 52. g4 fxg4 53. fxg4 d5 54. cxd5 (54. h5 $14) 54... Nxd5 55. Rf7+ Kb6 56. Be2 Rh3 $2 {[#]} (56... Rc7 $16 {keeps fighting.} 57. Rb2+ Kc6) 57. Kg2 (57. Bf3 $1 $18 {[%cal Rf3d5]} Rh2+ 58. Bg2) 57... Rhe3 $2 (57... Rb3 $16) 58. Bf3 $18 Kc5 59. Rxb7 Nf4+ 60. Kg3 Nd3 (60... Nd5 $18 61. Rh7 Nc3) 61. Rc7+ $2 (61. Rc2+ {mates} Kd4 62. Rd7+ Rd5 63. Rxd5#) 61... Kb4 62. Rd1 {[#] And now Rb1+ would win.} Ne1 $2 {[%mdl 8192]} (62... Rc5 $16 63. Rb1+ Kc4) 63. Rb1+ {White is clearly winning.} Ka4 64. Ra7+ Ra5 65. Ra1+ Kb4 66. R7xa5 {aiming for R1a4+.} Rxf3+ 67. Kh2 Rf2+ 68. Kg1 Rd2 69. Rf5 Ng2 70. Rf2 {Accuracy: White = 53%, Black = 38%.} 1-0

[Event "45th GER-ch Rapid 2019"]
[Site "Neumarkt in der Oberpfalz"]
[Date "2019.09.21"]
[Round "2.2"]
[White "Donchenko, Alexander"]
[Black "Rosner, Jonas"]
[Result "1-0"]
[WhiteElo "2631"]
[BlackElo "2417"]
[Annotator "TA"]
[PlyCount "83"]
[EventDate "2019.09.21"]
[EventType "swiss"]
[EventCountry "GER"]
[SourceTitle "playchess.com"]
[Source "ChessBase"]
[SourceQuality "1"]

{[%evp 18,83,8,4,11,4,17,10,9,10,17,21,18,28,12,27,13,25,12,18,26,0,15,9,9,9,9,9,7,0,-4,-5,0,0,8,16,9,8,10,10,13,8,154,160,282,175,212,208,216,207,193,178,246,237,232,230,5057,2082,5114,5114,29986,29987,29988,29989,29989,29990,29990,29991]} 1. d4 d5 2. c4 e6 3. Nf3 Nf6 4. g3 Bb4+ 5. Bd2 Be7 6. Bg2 O-O 7. O-O c6 8. Qc2 Nbd7 9. Rd1 b6 10. Bf4 Ba6 {E08: Closed Catalan: Main Line: 7 Qc2} 11. cxd5 cxd5 12. Ne5 Nxe5 {The position is equal.} 13. dxe5 {[#]} Ng4 $146 ({Predecessor:} 13... Rc8 14. Nc3 Ng4 {½-½ (37) Dominguez Perez,L (2739)-Karjakin,S (2773) Saint Louis 2018}) 14. h3 Rc8 15. Nc3 Nxf2 16. Kxf2 Bc5+ 17. Be3 $1 {[%cal Re3c5]} Bxe3+ 18. Kxe3 b5 {[%cal Bb6b5,Bb5b4][%mdl 32]} 19. Qd2 f6 20. Bxd5 exd5 21. Qxd5+ Qxd5 22. Rxd5 b4 $1 {[%cal Rb4c3]} 23. Na4 Rc2 24. Rd2 Rxd2 25. Kxd2 fxe5 $11 {[%mdl 4096] Endgame KRB-KRN} 26. Nc5 Bb5 27. a3 Rf2 28. Nd3 Rg2 29. axb4 Bxd3 (29... a6 $1 $11) 30. Kxd3 $16 {[#] And now b5 would win.} Rxg3+ $11 {KR-KR} (30... e4+ $16 31. Kd4 (31. Kxe4 Rxe2+ 32. Kd4 Re7 $16) 31... Rxe2) 31. e3 Kf7 32. Rxa7+ Ke6 33. b5 {aiming for b6.} Kd5 34. Rc7 {Strongly threatening b6.} e4+ {[#]} (34... Rxh3 $142 35. b6 (35. Rxg7 e4+ 36. Kd2 Kc5 $14) 35... e4+ 36. Kc3 Rh6) 35. Kc3 $1 $18 Rxe3+ 36. Kb4 Rxh3 $2 (36... Rf3 37. b6 (37. Rxg7 e3 $14) 37... Kd6) 37. b6 (37. Rc5+ $142 Kd4 38. b6) 37... Rh6 38. Kb5 e3 39. b7 {White mates.} e2 40. b8=Q e1=Q 41. Rd7+ Ke4 42. Qe8+ {Accuracy: White = 80%, Black = 27%.} 1-0

[Event "45th GER-ch Rapid 2019"]
[Site "Neumarkt in der Oberpfalz"]
[Date "2019.09.21"]
[Round "2.3"]
[White "Parashchenko, Oleg"]
[Black "Beesk, Kevin"]
[Result "1/2-1/2"]
[WhiteElo "2136"]
[BlackElo "1969"]
[Annotator "NA"]
[PlyCount "102"]
[EventDate "2019.09.21"]
[EventType "swiss"]
[EventCountry "GER"]
[SourceTitle "playchess.com"]
[Source "ChessBase"]
[SourceQuality "1"]
[TimeControl "900+10"]

1. e4 {[%emt 0:00:00]} c5 {[%emt 0:00:00]} 2. Nf3 {[%emt 0:00:00]} e6 {[%emt 0:00:00]} 3. d4 {[%emt 0:00:00]} cxd4 {[%emt 0:00:00]} 4. Nxd4 {[%emt 0:00:00]} Nc6 {[%emt 0:00:00]} 5. Nxc6 {[%emt 0:00:10]} bxc6 {[%emt 0:00:00]} 6. Bd3 {[%emt 0:00:03]} Nf6 {[%emt 0:00:00]} 7. O-O {[%emt 0:00:09]} d5 {[%emt 0:00:14]} 8. Qe2 {[%emt 0:00:10]} Be7 {[%emt 0:00:29]} 9. c4 {[%emt 0:00:28]} O-O {[%emt 0:01:10]} 10. cxd5 {[%emt 0:00:18]} exd5 {[%emt 0:00:32]} 11. exd5 {[%emt 0:00:21]} cxd5 {[%emt 0:00:39]} 12. Re1 {[%emt 0:00:32]} Re8 {[%emt 0:00:43]} 13. Bg5 {[%emt 0:01:03]} Bb4 {[%emt 0:04:29]} 14. Qxe8+ {[%emt 0:01:12]} Nxe8 {[%emt 0:00:15]} 15. Bxd8 {[%emt 0:00:03]} Bxe1 {[%emt 0:00:02]} 16. Be7 {[%emt 0:01:30]} a5 {[%emt 0:01:23]} 17. Nc3 {[%emt 0:01:30]} Bxc3 {[%emt 0:00:41]} 18. bxc3 {[%emt 0:00:02]} Be6 {[%emt 0:00:23]} 19. Bc5 {[%emt 0:02:59]} Rc8 {[%emt 0:00:19]} 20. Bd4 {[%emt 0:00:01]} Nd6 {[%emt 0:00:12]} 21. Rb1 {[%emt 0:00:42]} Bf5 {[%emt 0:03:28]} 22. Bxf5 {[%emt 0:01:59]} Nxf5 {[%emt 0:00:01]} 23. Be5 {[%emt 0:00:01]} f6 {[%emt 0:00:09]} 24. Rb8 {[%emt 0:00:03]} Rxb8 {[%emt 0:00:23]} 25. Bxb8 {[%emt 0:00:04]} a4 {[%emt 0:00:19]} 26. Kf1 {[%emt 0:00:06]} Kf7 {[%emt 0:00:06]} 27. Ke2 {[%emt 0:00:30]} Ke6 {[%emt 0:00:04]} 28. Kd3 {[%emt 0:00:03]} Ne7 {[%emt 0:00:19]} 29. c4 {[%emt 0:00:56]} Kd7 {[%emt 0:00:25]} 30. cxd5 {[%emt 0:00:31]} Nxd5 {[%emt 0:00:01]} 31. Kc4 {[%emt 0:00:08]} Kc6 {[%emt 0:00:04]} 32. Ba7 {[%emt 0:00:24]} g6 {[%emt 0:00:55]} 33. g3 {[%emt 0:00:38]} f5 {[%emt 0:00:42]} 34. f4 {[%emt 0:00:17]} h6 {[%emt 0:00:36]} 35. Bd4 {[%emt 0:00:56]} g5 {[%emt 0:00:12]} 36. fxg5 hxg5 {[%emt 0:00:01]} 37. h4 {[%emt 0:00:23]} gxh4 {[%emt 0:00:45]} 38. gxh4 {[%emt 0:00:02]} f4 {[%emt 0:00:15]} 39. h5 {[%emt 0:00:14]} f3 {[%emt 0:00:14]} 40. h6 {[%emt 0:00:15]} Nf4 {[%emt 0:00:46]} 41. h7 {[%emt 0:00:05]} Ng6 {[%emt 0:00:00]} 42. Kb4 {[%emt 0:00:08]} Kd5 {[%emt 0:00:05]} 43. Bf2 {[%emt 0:00:02]} Ke6 {[%emt 0:00:17]} 44. Kxa4 {[%emt 0:00:10]} Kf7 {[%emt 0:00:02]} 45. Kb5 {[%emt 0:00:31]} Kg7 {[%emt 0:00:01]} 46. a4 {[%emt 0:00:01]} Ne7 {[%emt 0:00:26]} 47. a5 {[%emt 0:00:28]} Nd5 {[%emt 0:00:09]} 48. Kc5 {[%emt 0:00:10]} Nc7 {[%emt 0:00:08]} 49. Kd6 {[%emt 0:01:00]} Na6 {[%emt 0:00:12]} 50. Kc6 {[%emt 0:00:31]} Kxh7 {[%emt 0:00:17]} 51. Kb5 {[%emt 0:00:19]} Nc7+ {[%emt 0:00:01]} 1/2-1/2

[Event "45th GER-ch Rapid 2019"]
[Site "Neumarkt in der Oberpfalz"]
[Date "2019.09.21"]
[Round "2.4"]
[White "Schilay, Lorenz"]
[Black "Pogan, Nikolas"]
[Result "1-0"]
[WhiteElo "1871"]
[BlackElo "2251"]
[Annotator "NA"]
[PlyCount "37"]
[EventDate "2019.09.21"]
[EventType "swiss"]
[EventCountry "GER"]
[SourceTitle "playchess.com"]
[Source "ChessBase"]
[SourceQuality "1"]
[TimeControl "900+10"]

1. e4 {[%emt 0:00:00]} d6 {[%emt 0:00:00]} 2. d4 {[%emt 0:00:00]} Nf6 {[%emt 0:00:00]} 3. Nc3 {[%emt 0:00:00]} e5 {[%emt 0:00:00]} 4. dxe5 {[%emt 0:00:00]} dxe5 {[%emt 0:00:00]} 5. Qxd8+ {[%emt 0:00:01]} Kxd8 {[%emt 0:00:04]} 6. Bc4 {[%emt 0:00:02]} Ke8 {[%emt 0:00:01]} 7. Nf3 {[%emt 0:00:02]} Bd6 {[%emt 0:00:03]} 8. Bg5 {[%emt 0:00:42]} Nbd7 {[%emt 0:00:07]} 9. O-O-O {[%emt 0:00:06]} a6 {[%emt 0:00:02]} 10. a4 {[%emt 0:00:15]} b6 {[%emt 0:00:01]} 11. Rhe1 {[%emt 0:00:38]} Bb7 {[%emt 0:00:03]} 12. Nh4 {[%emt 0:00:22]} g6 {[%emt 0:00:38]} 13. f4 {[%emt 0:02:39]} h6 {[%emt 0:00:11]} 14. Bxf6 {[%emt 0:00:09]} Nxf6 {[%emt 0:00:11]} 15. Nf3 {[%emt 0:00:21]} Nd7 {[%emt 0:00:22]} 16. Nd5 {[%emt 0:01:21]} Rd8 {[%emt 0:01:09]} 17. Rd2 {[%emt 0:01:57]} Kf8 {[%emt 0:03:07]} 18. Red1 {[%emt 0:01:01]} Kg7 {[%emt 0:00:03]} 19. Nxc7 {[%emt 0:00:42]} 1-0

[Event "45th GER-ch Rapid 2019"]
[Site "Neumarkt in der Oberpfalz"]
[Date "2019.09.21"]
[Round "3.1"]
[White "Hirneise, Jens"]
[Black "Heimann, Andreas"]
[Result "0-1"]
[WhiteElo "2320"]
[BlackElo "2624"]
[Annotator "TA"]
[PlyCount "32"]
[EventDate "2019.09.21"]
[EventType "swiss"]
[EventCountry "GER"]
[SourceTitle "playchess.com"]
[Source "ChessBase"]
[SourceQuality "1"]

{[%evp 20,32,0,-8,28,22,37,44,46,0,-22,-391,-393,-562,-562]} 1. e4 e5 2. Nf3 Nc6 3. Bb5 Nf6 4. d4 exd4 5. O-O a6 6. Ba4 Be7 7. Re1 b5 8. e5 Nxe5 9. Nxe5 bxa4 10. Qxd4 O-O 11. Qxa4 Bb7 {C84: Closed Ruy Lopez: Unusual White 6th moves} (11... Rb8 12. c3 Re8 13. Nd2 Bd6 14. Ndf3 Rb5 15. Bf4 Bb7 16. Bg3 Re6 17. c4 Rxb2 18. Nd4 Re8 19. Nf5 Bxe5 20. Bxe5 {½-½ (35) Plat,V (2447)-Gonda,L (2538) Pardubice 2013}) 12. Nc3 Rb8 13. Bg5 d6 14. Bxf6 (14. Rad1 $14) 14... Bxf6 $11 15. Nd7 $146 {[%mdl 8192]} (15. Rad1 $11 {and White has nothing to worry.}) ({Predecessor:} 15. Rad1 Bxe5 16. Rxe5 Qf6 17. Re3 Qg5 18. Rg3 Qe5 19. b3 {½-½ (44) Roehrich,S (2235)-Yip,M (2090) Budapest 1995}) 15... Bxc3 $1 $19 16. bxc3 {[#]} (16. Re3 {might work better.} Bd4 17. Rg3) 16... Qg5 $1 {[%mdl 512]} 0-1